World's 15 Friendliest Countries (according to US news) - Statistics

General Stats
  • This quiz has been taken 67 times
  • The average score is 12 of 15
Answer Stats
Hint Answer % Correct
1 Canada
93%
6 Australia
87%
14 Denmark
87%
12 Sweden
87%
10 Finland
85%
3 New Zealand
85%
8 Norway
82%
7 Italy
80%
5 Portugal
80%
13 Ireland
78%
4 Netherlands
78%
2 Spain
75%
11 Greece
67%
15 Brazil
55%
9 Thailand
38%
No matching quizzes found
Score Distribution
Percent of People with Each Score
Percentile by Number Answered
Your Score History
You have not taken this quiz